01271nam a2200289Ia 450000500170000000800410001702000150005808200170007310000220009024501210011225000190023330000620025260000410031465000370035565000470039270000320043970000450047194200120051626400460052833600270057433700330060133800280063404000350066299900150069795201350071295201340084720220317000702.0160601s2002 ve a g 000 0 spa  a980642379804a923.1 bB64c1 aCordoliani, Silda10aSimón Bolívar bun relato ilustrado cSilda Cordoliani, María Elena Maggi ; ilustraciones Leonardo Rodríguez a1a. edición  a71 páginas bilustraciones y retratos en color c21 cm 14aBolívar, Simónd1783-1830923051142LEMBaLibertadores vBiografía142LEMBaPróceres venezolanos vBiografía aMaggi, María Elena923577 aRodríguez, Leonardoeilustrador952574 2ddccBK aCaracas bLos Libros de el Nacionalc2002 atextobtxt2rdacontent asin mediaciónbn2rdamedia avolumenbnc2rdacarrier aCO-BoRNBPbspaerdacCO-BoRNBP c4767d4767 00102ddc4070aMEPRICObMEPRICOcSInfd2023-06-23l0o923. 1 B64c EJ. 1pPR0000012624r2023-06-23 00:00:00tEj.1w2023-06-23yBK 00102ddc40708INFaMEMAPIRIbMEMAPIRIcSInfd2024-01-26l0o923.1 B64cpMAP00003931r2024-01-26 15:52:28tEj.1w2024-01-26yBK